| 000 | 01635nam a22004455i 4500 | ||
|---|---|---|---|
| 001 | ssj0001762266 | ||
| 003 | WaSeSS | ||
| 005 | 20251112115210.0 | ||
| 006 | m d | ||
| 007 | cr n | ||
| 008 | 161226s2017 xxu| o |||| 0|eng d | ||
| 020 | _a9781484225417 | ||
| 024 | 7 |
_a10.1007/978-1-4842-2541-7 _2doi |
|
| 040 |
_dWaSeSS _cAIMIT LIBRARY |
||
| 082 |
_21 _a005.8 _bSINS |
||
| 092 | _aEBOOK | ||
| 100 | 1 |
_aSinha, Sanjib _933080 |
|
| 245 | 1 | 0 |
_aBeginning ethical hacking with Python / _cBy Sanjib Sinha. |
| 250 | _a1st ed. | ||
| 260 |
_aBerkeley, CA : _bApress , _c2017. |
||
| 300 |
_axix, 201 p. ; _c23.5 cm. |
||
| 347 |
_atext file _bPDF _2rda |
||
| 506 | _aRequires an SPL library card. | ||
| 520 | _aL | ||
| 538 | _aMode of access: World Wide Web. | ||
| 650 | 0 |
_aInstalling kali linux and other operating systems on vb _933081 |
|
| 650 | 0 |
_aLegal side of hacking _933082 |
|
| 650 | 0 |
_aPython environment _9245160 |
|
| 650 | 0 |
_aDark web and tor _9245161 |
|
| 655 | 7 |
_aElectronic books. _2local _933083 |
|
| 710 | 2 |
_aSpringerLink (Online service) _933084 |
|
| 710 | 2 |
_aO'Reilly (Firm) _933085 |
|
| 710 | 2 | 0 |
_aSerials Solutions _933086 |
| 773 | 0 | _tSpringer eBooks | |
| 776 | 0 | 8 |
_iPrinted edition: _z9781484225400 |
| 856 | 4 | 0 |
_yView this electronic item in O'Reilly Online Learning: Academic/Public Library Edition. _uhttps://ezproxy.spl.org/login?url=https://learning.oreilly.com/library/view/~/9781484225417/?ar _zAn e-book available through full-text database. |
| 942 |
_2ddc _cBK _e1st _k005.8 SINS |
||
| 999 |
_c222750 _d222750 |
||
| 999 | _b03645135 | ||